Albo d'oro Coppa Italia - Statistics

Statistiche generali
  • Questo quiz è stato fatto 451 volte
    34 dall'ultimo reset
  • Il punteggio medio è 76 su 78
Statistiche sulle risposte
Anno Vincitore % Corretto
1969-1970 Bologna
100%
1973-1974 Bologna
100%
2024-2025 Bologna
100%
1938-1939 Inter
100%
1977-1978 Inter
100%
1981-1982 Inter
100%
2004-2005 Inter
100%
2005-2006 Inter
100%
2009-2010 Inter
100%
2010-2011 Inter
100%
2021-2022 Inter
100%
2022-2023 Inter
100%
2025-2026 Inter
100%
1937-1938 Juventus
100%
1941-1942 Juventus
100%
1958-1959 Juventus
100%
1959-1960 Juventus
100%
1964-1965 Juventus
100%
1978-1979 Juventus
100%
1982-1983 Juventus
100%
1989-1990 Juventus
100%
1994-1995 Juventus
100%
2014-2015 Juventus
100%
2015-2016 Juventus
100%
2016-2017 Juventus
100%
2017-2018 Juventus
100%
2020-2021 Juventus
100%
2023-2024 Juventus
100%
1958 Lazio
100%
1997-1998 Lazio
100%
1999-2000 Lazio
100%
2003-2004 Lazio
100%
2008-2009 Lazio
100%
2012-2013 Lazio
100%
2018-2019 Lazio
100%
1966-1967 Milan
100%
1971-1972 Milan
100%
1972-1973 Milan
100%
1976-1977 Milan
100%
2002-2003 Milan
100%
1961-1962 Napoli
100%
1975-1976 Napoli
100%
1986-1987 Napoli
100%
2011-2012 Napoli
100%
2013-2014 Napoli
100%
2019-2020 Napoli
100%
1963-1964 Roma
100%
1968-1969 Roma
100%
1979-1980 Roma
100%
1980-1981 Roma
100%
1983-1984 Roma
100%
1985-1986 Roma
100%
1990-1991 Roma
100%
2006-2007 Roma
100%
2007-2008 Roma
100%
1984-1985 Sampdoria
100%
1987-1988 Sampdoria
100%
1988-1989 Sampdoria
100%
1993-1994 Sampdoria
100%
1939-1940 Fiorentina
97%
1960-1961 Fiorentina
97%
1965-1966 Fiorentina
97%
1974-1975 Fiorentina
97%
1995-1996 Fiorentina
97%
2000-2001 Fiorentina
97%
1935-1936 Torino
94%
1942-1943 Torino
94%
1967-1968 Torino
94%
1970-1971 Torino
94%
1992-1993 Torino
94%
1936-1937 Genoa
91%
1991-1992 Parma
91%
1998-1999 Parma
91%
2001-2002 Parma
91%
1962-1963 Atalanta
81%
1996-1997 Vicenza
72%
1922 Vado
63%
1940-1941 Venezia
53%
Nessun quiz corrispondente trovato
Distribuzione punteggi
Percentuale di utenti per punteggio
Percentile per numero di risposta
I tuoi punteggi nel tempo
Non hai fatto questo quiz dall'ultimo reset